ਇੱਕ ਕਿੱਸੀ ਲੌ ਲਵਾਂ ਅੰਕਲ / (Record no. 79812)
[ view plain ]
| 000 -LEADER | |
|---|---|
| fixed length control field | 00754nam a22002417a 4500 |
| 005 - DATE AND TIME OF LATEST TRANSACTION | |
| control field | 20131004125223.0 |
| 008 - FIXED-LENGTH DATA ELEMENTS--GENERAL INFORMATION | |
| fixed length control field | 090728t xxu||||| |||| 00| 0 pun d |
| 010 ## - LCCN (DPL NO) | |
| LC control number | PUN-7565 |
| 020 ## - INTERNATIONAL STANDARD BOOK NUMBER | |
| Terms of availability | 250.00 |
| International Standard Book Number | 8186745092 |
| 035 ## - SYSTEM CONTROL NUMBER | |
| System control number | PN-6683 |
| 037 ## - SOURCE OF ACQUISITION | |
| Source of stock number/acquisition | DBAD / PUB |
| 037 ## - SOURCE OF ACQUISITION | |
| Source of stock number/acquisition | Satwant Book Agency |
| 040 ## - CATALOGING SOURCE | |
| Original cataloging agency | dpl |
| Language of cataloging | pn |
| 082 ## - DEWEY DECIMAL CLASSIFICATION NUMBER | |
| Classification number | ਕ |
| 100 ## - MAIN ENTRY--PERSONAL NAME | |
| 9 (RLIN) | 24414 |
| Personal name | ਆਸ਼ਾ ਸਾਕੀ |
| 245 ## - TITLE STATEMENT | |
| Title | ਇੱਕ ਕਿੱਸੀ ਲੌ ਲਵਾਂ ਅੰਕਲ / |
| Statement of responsibility, etc | ਆਸ਼ਾ ਸਾਕੀ |
| 246 ## - VARYING FORM OF TITLE | |
| Title proper/short title | Ik kissi le lavaan uncle |
| Remainder of title | by Asha Saki |
| 260 ## - PUBLICATION, DISTRIBUTION, ETC. (IMPRINT) | |
| Place of publication, distribution, etc | New Delhi |
| Name of publisher, distributor, etc | Satwant Book Agency |
| Date of publication, distribution, etc | 2013 |
| 270 ## - ADDRESS | |
| City | New Delhi |
| 300 4# - PHYSICAL DESCRIPTION | |
| Extent | 160p. |
| Dimensions | 22ਸੇਂਮੀ (ਸਜਿਲੱਦ) |
| 942 ## - ADDED ENTRY ELEMENTS (KOHA) | |
| Source of classification or shelving scheme | Dewey Decimal Classification |
| Item type | Punjabi Bks |
| Classification part | ਕ |
| Call number suffix | ਆਸ਼ਾਸਾ |
| Withdrawn status | Lost status | Source of classification or shelving scheme | Damaged status | Not for loan | Collection code | Home library | Current library | Date acquired | Source of acquisition | Cost, normal purchase price | Total Checkouts | Full call number | Barcode | Date last seen | Copy number | Cost, replacement price | Koha item type |
|---|---|---|---|---|---|---|---|---|---|---|---|---|---|---|---|---|---|
| Dewey Decimal Classification | Fiction | D.B.Act.Division | D.B.Act.Division | 04/10/2013 | DBAD | 250.00 | ਕ ਆਸ਼ਾਸਾ | PN-6683 | 04/10/2013 | 1 | 250.00 | Punjabi Bks |
